000 01038nam a22002297a 4500
005 20240305165452.0
007 cr|||| ||||
008 170902s2008 mx |||||s||||f00||0 spa d
035 _a20415
040 _avLex
090 _c6888
_d6888
100 1 _aSirvent Gutiérrez, Consuelo
245 1 0 _aSistema parlamentario y sistema presidencial
_h[Recurso electrónico] /
_cConsuelo Sirvent Gutiérrez
256 _aServicio en línea
260 _aCiudad de México:
_bCámara de Diputados,
_c2008
300 _a1 recurso electrónico (36 p.)
506 1 _aDisponible solo en los productos indicados
_dvLex Global
_dvLex Global (Academic Edition, excluding Law Schools)
_dvLex Global (U.S. Academic Edition, Law Schools)
_dvLex Global (U.S. Academic Edition, excluding Law Schools)
_dvLex Global (Academic Edition, Law Schools)
650 0 4 _aDerecho Constitucional
_zMéxico
740 0 _avLex Libros (Servicio en línea)
856 4 0 _uhttps://app.vlex.com/#/sources/sistema-parlamentario-sistema-presidencial-20415
942 _cRAA
999 _c165135
_d165135